The Biggest Country by Continent - Statistics

General Stats
  • This quiz has been taken 59 times
  • The average score is 6 of 6
Answer Stats
km² Continent Answer % Correct
9,984,670 North America Canada
100%
17,098,242 Asia Russia
100%
7,682,300 Oceania Australia
98%
8,515,770 South America Brazil
98%
603,628 Europe Ukraine
86%
2,381,741 Africa Algeria
82%
No matching quizzes found
Score Distribution
Percent of People with Each Score
Percentile by Number Answered
Your Score History
You have not taken this quiz